[Event "Hastings Masters"]
[Site "Horntye, Hastings"]
[Date "2018.01.01"]
[Round "5.1"]
[White "Fier, Alexandr"]
[Black "Lou, Yiping"]
[Result "1/2-1/2"]
[BlackElo "2462"]
[WhiteElo "2576"]
[LiveChessVersion "1.4.8"]

1. e4 {[%clk 1:40:58]} e6 {[%clk 1:40:47]} 2. d4 {[%clk 1:41:23]} d5
{[%clk 1:41:13]} 3. Nd2 {[%clk 1:41:49]} c5 {[%clk 1:41:38]} 4. exd5
{[%clk 1:42:15]} Qxd5 {[%clk 1:42:05]} 5. Ngf3 {[%clk 1:42:39]} cxd4
{[%clk 1:42:27]} 6. Bc4 {[%clk 1:43:04]} Qd6 {[%clk 1:41:43]} 7. O-O
{[%clk 1:43:29]} Nf6 {[%clk 1:42:08]} 8. Nb3 {[%clk 1:43:52]} Nc6
{[%clk 1:42:27]} 9. Nbxd4 {[%clk 1:44:19]} Nxd4 {[%clk 1:42:52]} 10. Nxd4
{[%clk 1:44:42]} a6 {[%clk 1:43:08]} 11. Re1 {[%clk 1:45:07]} Qc7
{[%clk 1:43:21]} 12. Bf1 {[%clk 1:45:33]} Be7 {[%clk 1:40:51]} 13. Qf3
{[%clk 1:45:49]} O-O {[%clk 1:40:56]} 14. Bf4 {[%clk 1:46:17]} Bd6
{[%clk 1:41:18]} 15. Bxd6 {[%clk 1:46:42]} Qxd6 {[%clk 1:41:45]} 16. Rad1
{[%clk 1:47:08]} Qb4 {[%clk 1:24:11]} 17. b3 {[%clk 1:43:59]} e5 {[%clk 1:15:18]}
18. Nf5 {[%clk 1:42:01]} e4 {[%clk 1:09:15]} 19. Qf4 {[%clk 1:37:10]} Bxf5
{[%clk 1:09:23]} 20. Qxf5 {[%clk 1:37:35]} Rac8 {[%clk 1:07:31]} 21. c4
{[%clk 1:37:29]} Rfe8 {[%clk 1:03:44]} 22. Qf4 {[%clk 1:35:50]} Rc6
{[%clk 1:00:31]} 23. h3 {[%clk 1:35:41]} h6 {[%clk 1:00:08]} 24. Qd2
{[%clk 1:34:49]} a5 {[%clk 0:52:55]} 25. Qxb4 {[%clk 1:27:55]} axb4
{[%clk 0:53:04]} 26. Rd4 {[%clk 1:28:21]} Ra8 {[%clk 0:49:33]} 27. Re2
{[%clk 1:28:46]} Rc5 {[%clk 0:37:23]} 28. Rd6 {[%clk 1:26:06]} Rc6
{[%clk 0:34:55]} 29. Rd4 {[%clk 1:25:46]} Rc5 {[%clk 0:35:19]} 30. g3
{[%clk 1:26:09]} Kf8 {[%clk 0:31:42]} 31. Bg2 {[%clk 1:26:08]} Rca5
{[%clk 0:25:36]} 32. Bxe4 {[%clk 1:25:16]} Rxa2 {[%clk 0:20:12]} 33. Rxa2
{[%clk 1:25:33]} Rxa2 {[%clk 0:20:37]} 34. Bxb7 {[%clk 1:25:58]} Rb2
{[%clk 0:17:35]} 35. Rd3 {[%clk 1:26:06]} Rc2 {[%clk 0:17:26]} 36. Kf1
{[%clk 1:22:40]} Ke7 {[%clk 0:17:44]} 37. Bc6 {[%clk 1:23:07]} Rc3
{[%clk 0:15:53]} 38. Ke2 {[%clk 1:16:40]} Rxd3 {[%clk 0:15:05]} 39. Kxd3
{[%clk 1:17:06]} Kd6 {[%clk 0:15:25]} 40. Ba4 {[%clk 1:17:23]} Kc5
{[%clk 0:14:40]} 41. Ke3 {[%clk 1:17:47]} Nh7 {[%clk 0:11:23]} 42. Be8
{[%clk 1:08:08]} Ng5 {[%clk 0:08:59]} 43. Bd7 {[%clk 1:08:29]} f6
{[%clk 0:44:44]} 44. Kf4 {[%clk 1:38:37]} Kd4 {[%clk 0:29:15]} 45. c5
{[%clk 1:35:18]} Kxc5 {[%clk 0:29:20]} 46. h4 {[%clk 1:35:45]} Nf7
{[%clk 0:21:47]} 47. Kf5 {[%clk 1:35:59]} Kd6 {[%clk 0:21:24]} 48. Be8
{[%clk 1:33:10]} Ne5 {[%clk 0:14:32]} 49. f4 {[%clk 1:32:44]} Nf3
{[%clk 0:14:06]} 50. Bf7 {[%clk 1:32:09]} Ke7 {[%clk 0:14:19]} 51. Bd5
{[%clk 1:31:06]} Nd2 {[%clk 0:11:48]} 52. g4 {[%clk 1:28:25]} Nb1
{[%clk 0:11:31]} 53. Ke4 {[%clk 1:27:52]} Nc3+ {[%clk 0:11:44]} 54. Kd4
{[%clk 1:28:17]} Kd6 {[%clk 0:11:34]} 55. Bf3 {[%clk 1:28:15]} g5
{[%clk 0:10:20]} 56. fxg5 {[%clk 1:28:40]} fxg5 {[%clk 0:10:46]} 57. h5
{[%clk 1:28:56]} Ke6 {[%clk 0:11:00]} 58. Bb7 {[%clk 1:29:20]} Kf6
{[%clk 0:11:07]} 59. Bc8 {[%clk 1:29:44]} Na2 {[%clk 0:10:31]} 60. Bf5
{[%clk 1:27:46]} 1/2-1/2

[Event "Hastings Masters"]
[Site "Horntye, Hastings"]
[Date "2018.01.01"]
[Round "5.2"]
[White "Vakhidov, Jakhongir"]
[Black "Das, Arghyadip"]
[Result "1-0"]
[BlackElo "2451"]
[WhiteElo "2500"]
[LiveChessVersion "1.4.8"]

1. c4 {[%clk 1:32:33]} e6 {[%clk 1:40:01]} 2. Nc3 {[%clk 1:32:31]} d5
{[%clk 1:40:24]} 3. d4 {[%clk 1:32:45]} c6 {[%clk 1:40:47]} 4. e3
{[%clk 1:29:06]} Nf6 {[%clk 1:40:52]} 5. Nf3 {[%clk 1:29:15]} Nbd7
{[%clk 1:41:00]} 6. Qc2 {[%clk 1:29:05]} Bd6 {[%clk 1:38:27]} 7. Be2
{[%clk 1:29:15]} O-O {[%clk 1:37:54]} 8. O-O {[%clk 1:28:09]} Qe7
{[%clk 1:32:44]} 9. e4 {[%clk 1:07:21]} Nxe4 {[%clk 1:24:49]} 10. Nxe4
{[%clk 1:07:30]} dxe4 {[%clk 1:25:16]} 11. Qxe4 {[%clk 1:07:36]} e5
{[%clk 1:04:33]} 12. Bg5 {[%clk 1:04:03]} Qe6 {[%clk 0:58:28]} 13. c5
{[%clk 1:04:01]} Bc7 {[%clk 0:58:20]} 14. Bd3 {[%clk 0:41:03]} Qg6
{[%clk 0:50:58]} 15. Qe3 {[%clk 0:24:33]} exd4 {[%clk 0:45:55]} 16. Qxd4
{[%clk 0:08:35]} Qh5 {[%clk 0:44:39]} 17. h4 {[%clk 0:09:01]} h6 {[%clk 0:37:18]}
18. Be7 {[%clk 0:06:19]} Re8 {[%clk 0:37:37]} 19. Rfe1 {[%clk 0:05:49]} Nf8
{[%clk 0:27:54]} 20. Bd6 {[%clk 0:06:13]} Rxe1+ {[%clk 0:26:58]} 21. Rxe1
{[%clk 0:06:37]} Bxd6 {[%clk 0:27:25]} 22. cxd6 {[%clk 0:06:57]} c5
{[%clk 0:11:13]} 23. Qf4 {[%clk 0:03:05]} Be6 {[%clk 0:09:09]} 24. Re5
{[%clk 0:02:26]} Ng6 {[%clk 0:09:03]} 25. Bxg6 {[%clk 0:02:36]} Qxg6
{[%clk 0:09:30]} 26. Rxc5 {[%clk 0:02:17]} Qb1+ {[%clk 0:09:45]} 27. Kh2
{[%clk 0:01:48]} Qxb2 {[%clk 0:07:49]} 28. Nd4 {[%clk 0:01:28]} Qxa2
{[%clk 0:05:17]} 29. Rc7 {[%clk 0:00:49]} Qd5 {[%clk 0:04:39]} 30. Re7
{[%clk 0:00:35]} Rf8 {[%clk 0:04:56]} 31. Nxe6 {[%clk 0:00:33]} fxe6
{[%clk 0:05:20]} 32. Qg3 {[%clk 0:00:49]} Qd4 {[%clk 0:03:35]} 33. d7
{[%clk 0:01:11]} a5 {[%clk 0:03:14]} 34. Kh3 {[%clk 0:01:21]} a4 {[%clk 0:03:11]}
35. Qg6 {[%clk 0:00:37]} Qc3+ {[%clk 0:01:14]} 36. f3 {[%clk 0:00:48]} Rxf3+
{[%clk 0:00:32]} 37. g3 {[%clk 0:01:07]} 1-0

[Event "Hastings Masters"]
[Site "Horntye, Hastings"]
[Date "2018.01.01"]
[Round "5.3"]
[White "Buchenau, Frank"]
[Black "Gormally, Daniel W"]
[Result "0-1"]
[BlackElo "2477"]
[WhiteElo "2236"]
[LiveChessVersion "1.4.8"]

1. e4 {[%clk 1:40:17]} c5 {[%clk 1:40:54]} 2. Nf3 {[%clk 1:40:34]} d6
{[%clk 1:41:17]} 3. Bb5+ {[%clk 1:40:44]} Nd7 {[%clk 1:41:37]} 4. O-O
{[%clk 1:41:00]} a6 {[%clk 1:42:03]} 5. Bd3 {[%clk 1:41:11]} Ngf6
{[%clk 1:42:07]} 6. Re1 {[%clk 1:41:22]} g6 {[%clk 1:41:04]} 7. c3
{[%clk 1:39:39]} Bg7 {[%clk 1:39:42]} 8. Bc2 {[%clk 1:39:28]} O-O
{[%clk 1:37:26]} 9. d4 {[%clk 1:39:27]} cxd4 {[%clk 1:37:51]} 10. cxd4
{[%clk 1:39:51]} b5 {[%clk 1:38:19]} 11. Nc3 {[%clk 1:35:32]} Bb7
{[%clk 1:36:03]} 12. a3 {[%clk 1:31:19]} Rc8 {[%clk 1:30:28]} 13. h3
{[%clk 1:27:17]} Nb6 {[%clk 1:24:08]} 14. Bd3 {[%clk 1:25:22]} Rc7
{[%clk 1:16:26]} 15. Qe2 {[%clk 1:21:31]} Qa8 {[%clk 1:12:50]} 16. Bf4
{[%clk 1:08:59]} Nh5 {[%clk 1:08:34]} 17. Be3 {[%clk 1:01:56]} Nc4
{[%clk 1:07:59]} 18. Bxc4 {[%clk 1:00:14]} Rxc4 {[%clk 1:07:59]} 19. a4
{[%clk 0:59:01]} Qc8 {[%clk 0:59:57]} 20. axb5 {[%clk 0:58:30]} axb5
{[%clk 1:00:22]} 21. Nd2 {[%clk 0:53:46]} Rb4 {[%clk 0:57:27]} 22. Rec1
{[%clk 0:44:48]} Rxb2 {[%clk 0:54:49]} 23. Nxb5 {[%clk 0:26:29]} Rc2
{[%clk 0:46:08]} 24. Qd1 {[%clk 0:24:56]} Rxc1 {[%clk 0:44:24]} 25. Rxc1
{[%clk 0:24:18]} Qd7 {[%clk 0:42:05]} 26. Qb3 {[%clk 0:24:21]} Rc8
{[%clk 0:39:28]} 27. Rxc8+ {[%clk 0:18:59]} Qxc8 {[%clk 0:39:25]} 28. Nc3
{[%clk 0:15:32]} Nf6 {[%clk 0:35:09]} 29. f3 {[%clk 0:13:23]} Nd7
{[%clk 0:32:48]} 30. Nd5 {[%clk 0:12:19]} Kf8 {[%clk 0:31:16]} 31. Kh2
{[%clk 0:11:33]} Ke8 {[%clk 0:27:30]} 32. Qb5 {[%clk 0:05:49]} Bc6
{[%clk 0:25:07]} 33. Qa5 {[%clk 0:05:24]} Kf8 {[%clk 0:23:17]} 34. Bg5
{[%clk 0:04:48]} Bxd5 {[%clk 0:21:57]} 35. Qxd5 {[%clk 0:04:11]} Nb6
{[%clk 0:18:36]} 36. Qb5 {[%clk 0:03:09]} Bxd4 {[%clk 0:15:51]} 37. Nb3
{[%clk 0:03:23]} Bf2 {[%clk 0:15:02]} 38. Na5 {[%clk 0:02:22]} f6
{[%clk 0:12:11]} 39. Bh6+ {[%clk 0:02:03]} Kf7 {[%clk 0:12:29]} 40. Nc6
{[%clk 0:01:33]} Qa8 {[%clk 0:06:23]} 41. Qb3+ {[%clk 0:35:04]} e6
{[%clk 0:56:39]} 42. Qb5 {[%clk 0:34:48]} g5 {[%clk 0:41:10]} 43. h4
{[%clk 0:22:37]} Kg6 {[%clk 0:36:24]} 44. Bxg5 {[%clk 0:16:55]} Qa1
{[%clk 0:36:17]} 45. h5+ {[%clk 0:16:25]} Kg7 {[%clk 0:32:17]} 46. h6+
{[%clk 0:12:48]} Kf8 {[%clk 0:29:16]} 47. Bf4 {[%clk 0:11:07]} Qg1+
{[%clk 0:29:41]} 48. Kh3 {[%clk 0:11:33]} Qh1+ {[%clk 0:30:07]} 49. Bh2
{[%clk 0:11:12]} Bg1 {[%clk 0:30:32]} 50. Qb2 {[%clk 0:08:30]} Qxh2+
{[%clk 0:30:52]} 51. Kg4 {[%clk 0:08:56]} Qxh6 {[%clk 0:26:25]} 52. Nd4
{[%clk 0:08:00]} Qg6+ {[%clk 0:26:02]} 53. Kh3 {[%clk 0:07:46]} Qh5+
{[%clk 0:26:23]} 54. Kg3 {[%clk 0:08:06]} Qh2+ {[%clk 0:26:45]} 55. Kg4
{[%clk 0:08:31]} h5# 0-1

[Event "Hastings Masters"]
[Site "Horntye, Hastings"]
[Date "2018.01.01"]
[Round "5.4"]
[White "Wegerle, Joerg"]
[Black "Derakhshani, Borna"]
[Result "1/2-1/2"]
[BlackElo "2298"]
[WhiteElo "2421"]
[LiveChessVersion "1.4.8"]

1. d4 {[%clk 1:40:56]} Nf6 {[%clk 1:40:16]} 2. Nf3 {[%clk 1:40:52]} e6
{[%clk 1:40:30]} 3. Bg5 {[%clk 1:40:51]} h6 {[%clk 1:40:26]} 4. Bxf6
{[%clk 1:40:31]} gxf6 {[%clk 1:39:32]} 5. e4 {[%clk 1:34:41]} Rg8
{[%clk 1:38:06]} 6. Nbd2 {[%clk 1:32:33]} b6 {[%clk 1:36:11]} 7. g3
{[%clk 1:31:27]} Qe7 {[%clk 1:31:48]} 8. c3 {[%clk 1:25:32]} f5 {[%clk 1:24:42]}
9. exf5 {[%clk 1:22:22]} exf5+ {[%clk 1:25:00]} 10. Qe2 {[%clk 1:22:42]} Bb7
{[%clk 1:22:56]} 11. Qxe7+ {[%clk 1:13:38]} Bxe7 {[%clk 1:22:39]} 12. Bd3
{[%clk 1:13:38]} f4 {[%clk 1:21:39]} 13. O-O-O {[%clk 1:12:55]} Kf8
{[%clk 1:18:14]} 14. Rhe1 {[%clk 0:49:17]} d5 {[%clk 1:08:15]} 15. Ne5
{[%clk 0:43:35]} Nc6 {[%clk 1:05:26]} 16. Ndf3 {[%clk 0:40:58]} Nxe5
{[%clk 1:02:52]} 17. Nxe5 {[%clk 0:40:32]} Bd6 {[%clk 1:02:29]} 18. Bh7
{[%clk 0:29:49]} Rh8 {[%clk 0:58:45]} 19. Bf5 {[%clk 0:30:02]} fxg3
{[%clk 0:58:58]} 20. fxg3 {[%clk 0:26:04]} Kg7 {[%clk 0:58:49]} 21. Nf3
{[%clk 0:25:23]} Rae8 {[%clk 0:55:19]} 22. Kd2 {[%clk 0:23:50]} Bc6
{[%clk 0:46:03]} 23. Bd3 {[%clk 0:21:37]} Rxe1 {[%clk 0:42:14]} 24. Rxe1
{[%clk 0:22:01]} Re8 {[%clk 0:42:25]} 25. Rf1 {[%clk 0:20:07]} Bd7
{[%clk 0:41:16]} 26. Nh4 {[%clk 0:19:48]} Kg8 {[%clk 0:38:55]} 27. Nf5
{[%clk 0:18:40]} Bf8 {[%clk 0:38:55]} 28. Rf4 {[%clk 0:12:26]} b5
{[%clk 0:35:56]} 29. a3 {[%clk 0:10:45]} 1/2-1/2

[Event "Hastings Masters"]
[Site "Horntye, Hastings"]
[Date "2018.01.01"]
[Round "5.5"]
[White "Arkell, Keith C"]
[Black "Boino, Claudio"]
[Result "1-0"]
[BlackElo "2123"]
[WhiteElo "2416"]
[LiveChessVersion "1.4.8"]

1. d4 {[%clk 1:40:53]} d5 {[%clk 1:40:53]} 2. c4 {[%clk 1:41:18]} e6
{[%clk 1:41:16]} 3. Nc3 {[%clk 1:41:43]} Be7 {[%clk 1:41:39]} 4. Nf3
{[%clk 1:42:07]} Nf6 {[%clk 1:42:02]} 5. Bg5 {[%clk 1:42:29]} h6 {[%clk 1:42:27]}
6. Bxf6 {[%clk 1:42:47]} Bxf6 {[%clk 1:42:49]} 7. cxd5 {[%clk 1:43:14]} exd5
{[%clk 1:43:14]} 8. b4 {[%clk 1:43:40]} O-O {[%clk 1:43:21]} 9. e3
{[%clk 1:44:06]} c6 {[%clk 1:43:36]} 10. Bd3 {[%clk 1:43:44]} Be7
{[%clk 1:40:15]} 11. Rb1 {[%clk 1:43:44]} b5 {[%clk 1:35:58]} 12. O-O
{[%clk 1:41:54]} a5 {[%clk 1:27:34]} 13. a3 {[%clk 1:39:40]} axb4
{[%clk 1:10:29]} 14. axb4 {[%clk 1:39:59]} Na6 {[%clk 0:48:15]} 15. Na2
{[%clk 1:38:19]} Bd6 {[%clk 0:38:34]} 16. Ne5 {[%clk 1:38:31]} c5
{[%clk 0:29:29]} 17. bxc5 {[%clk 1:36:42]} Nxc5 {[%clk 0:25:48]} 18. Nb4
{[%clk 1:36:10]} Nxd3 {[%clk 0:24:48]} 19. Qxd3 {[%clk 1:35:09]} Qe8
{[%clk 0:16:38]} 20. Nxd5 {[%clk 1:22:43]} Bxe5 {[%clk 0:16:54]} 21. dxe5
{[%clk 1:23:08]} Qxe5 {[%clk 0:17:15]} 22. Qxb5 {[%clk 1:20:04]} Ba6
{[%clk 0:14:57]} 23. Qc5 {[%clk 1:20:06]} Kh8 {[%clk 0:14:22]} 24. Rfd1
{[%clk 1:19:17]} Rfd8 {[%clk 0:13:29]} 25. Qd4 {[%clk 1:17:34]} Qg5
{[%clk 0:11:47]} 26. h4 {[%clk 1:16:27]} Qh5 {[%clk 0:11:37]} 27. Rd2
{[%clk 1:04:50]} Rac8 {[%clk 0:10:57]} 28. Qb6 {[%clk 0:52:58]} Bc4
{[%clk 0:05:55]} 29. Nf6 {[%clk 0:52:46]} 1-0

[Event "Hastings Masters"]
[Site "Horntye, Hastings"]
[Date "2018.01.01"]
[Round "5.6"]
[White "Radovanovic, Jovica"]
[Black "Stany, G.A."]
[Result "0-1"]
[BlackElo "2502"]
[WhiteElo "2320"]
[LiveChessVersion "1.4.8"]

1. d4 {[%clk 1:40:15]} e6 {[%clk 1:40:55]} 2. e4 {[%clk 1:39:37]} b6
{[%clk 1:41:20]} 3. Bd3 {[%clk 1:39:08]} Bb7 {[%clk 1:41:44]} 4. Nf3
{[%clk 1:39:01]} d6 {[%clk 1:39:57]} 5. O-O {[%clk 1:39:09]} Nd7 {[%clk 1:40:24]}
6. Re1 {[%clk 1:37:33]} g6 {[%clk 1:39:28]} 7. Bg5 {[%clk 1:26:02]} Ne7
{[%clk 1:39:32]} 8. Nbd2 {[%clk 1:24:05]} Bg7 {[%clk 1:21:44]} 9. Nf1
{[%clk 1:22:34]} h6 {[%clk 1:20:58]} 10. Bd2 {[%clk 1:19:17]} O-O
{[%clk 1:07:12]} 11. Ng3 {[%clk 1:18:45]} e5 {[%clk 0:58:25]} 12. c3
{[%clk 1:18:31]} c5 {[%clk 0:47:46]} 13. dxe5 {[%clk 1:17:04]} Nxe5
{[%clk 0:48:04]} 14. Nxe5 {[%clk 1:17:27]} dxe5 {[%clk 0:48:31]} 15. Bc4
{[%clk 1:17:33]} Kh7 {[%clk 0:45:08]} 16. Qe2 {[%clk 1:06:50]} Qc7
{[%clk 0:36:08]} 17. h4 {[%clk 1:04:52]} Nc8 {[%clk 0:30:23]} 18. h5
{[%clk 1:03:46]} Nd6 {[%clk 0:30:50]} 19. Bd5 {[%clk 1:02:54]} Bxd5
{[%clk 0:30:39]} 20. hxg6+ {[%clk 1:03:12]} fxg6 {[%clk 0:31:01]} 21. exd5
{[%clk 1:03:35]} Qf7 {[%clk 0:31:05]} 22. Rad1 {[%clk 1:03:00]} e4
{[%clk 0:29:34]} 23. Be3 {[%clk 0:55:04]} Rae8 {[%clk 0:28:11]} 24. Qg4
{[%clk 0:49:55]} Re5 {[%clk 0:25:52]} 25. Re2 {[%clk 0:47:35]} h5
{[%clk 0:11:23]} 26. Qh4 {[%clk 0:44:23]} Bh6 {[%clk 0:06:32]} 27. Rf1
{[%clk 0:36:29]} Qxd5 {[%clk 0:06:22]} 28. Rd2 {[%clk 0:27:51]} Qe6
{[%clk 0:06:50]} 29. Rfd1 {[%clk 0:28:02]} Bxe3 {[%clk 0:07:14]} 30. fxe3
{[%clk 0:28:28]} Nc4 {[%clk 0:07:41]} 31. Rd7+ {[%clk 0:21:39]} Kh6
{[%clk 0:08:09]} 32. Rxa7 {[%clk 0:08:19]} Qf6 {[%clk 0:08:33]} 33. Qxf6
{[%clk 0:04:56]} Rxf6 {[%clk 0:08:59]} 34. b3 {[%clk 0:05:05]} Nxe3
{[%clk 0:07:45]} 35. Re1 {[%clk 0:05:32]} Ng4 {[%clk 0:07:54]} 36. Rxe4
{[%clk 0:05:30]} Rd5 {[%clk 0:03:47]} 37. Rae7 {[%clk 0:05:46]} Rd3
{[%clk 0:03:36]} 38. Nf1 {[%clk 0:05:34]} Rxc3 {[%clk 0:03:46]} 39. Nh2
{[%clk 0:04:19]} Nf2 {[%clk 0:01:43]} 40. R4e6 {[%clk 0:01:40]} Rc1+
{[%clk 0:01:30]} 41. Re1 {[%clk 0:01:55]} Nd3 {[%clk 0:01:40]} 42. Rxc1
{[%clk 0:00:38]} Nxc1 {[%clk 0:02:05]} 43. Ra7 {[%clk 0:01:00]} Ne2+
{[%clk 0:48:35]} 44. Kh1 {[%clk 0:50:16]} g5 {[%clk 0:44:56]} 45. g4
{[%clk 0:48:05]} Rf2 46. Ra6 {[%clk 0:45:07]} h4 {[%clk 0:44:22]} 47. Rxb6+
{[%clk 0:44:36]} Kg7 48. Re6 {[%clk 0:35:47]} Ng3+ {[%clk 0:43:06]} 49. Kg1
{[%clk 0:36:09]} Rxa2 {[%clk 0:43:33]} 50. Re5 {[%clk 0:34:14]} h3
{[%clk 0:43:33]} 0-1

[Event "Hastings Masters"]
[Site "Horntye, Hastings"]
[Date "2018.01.01"]
[Round "5.7"]
[White "Hebden, Mark L"]
[Black "Pitschka, Claus"]
[Result "1-0"]
[BlackElo "2249"]
[WhiteElo "2445"]
[LiveChessVersion "1.4.8"]

1. d4 {[%clk 1:40:58]} d5 {[%clk 1:38:32]} 2. c4 {[%clk 1:41:10]} c6
{[%clk 1:38:57]} 3. Nf3 {[%clk 1:41:34]} Nf6 {[%clk 1:39:20]} 4. e3
{[%clk 1:41:38]} Bf5 {[%clk 1:39:39]} 5. Nc3 {[%clk 1:41:43]} a6 {[%clk 1:39:53]}
6. Ne5 {[%clk 1:40:44]} h6 {[%clk 1:30:26]} 7. Qb3 {[%clk 1:38:38]} Ra7
{[%clk 1:29:55]} 8. cxd5 {[%clk 1:38:17]} cxd5 {[%clk 1:29:00]} 9. Bd2
{[%clk 1:37:13]} e6 {[%clk 1:24:26]} 10. Rc1 {[%clk 1:28:26]} Bd6
{[%clk 1:20:04]} 11. Qa4+ {[%clk 1:27:31]} Nc6 {[%clk 1:16:22]} 12. Nxc6
{[%clk 1:26:53]} bxc6 {[%clk 1:16:45]} 13. Qxc6+ {[%clk 1:26:59]} Qd7
{[%clk 1:15:25]} 14. Na4 {[%clk 1:24:21]} Ke7 {[%clk 1:13:50]} 15. Nb6
{[%clk 1:10:13]} Qxc6 {[%clk 1:13:03]} 16. Rxc6 {[%clk 1:10:25]} Rc7
{[%clk 1:09:01]} 17. Rxc7+ {[%clk 1:09:04]} Bxc7 {[%clk 1:09:26]} 18. Bb4+
{[%clk 1:07:32]} Kd8 {[%clk 1:09:40]} 19. Na8 {[%clk 1:04:52]} Kd7
{[%clk 1:05:40]} 20. Nxc7 {[%clk 1:04:17]} Kxc7 {[%clk 1:05:58]} 21. f3
{[%clk 1:03:49]} Kb7 {[%clk 1:05:00]} 22. Kd2 {[%clk 1:03:44]} Rc8
{[%clk 1:04:43]} 23. Bd3 {[%clk 1:00:26]} Bxd3 {[%clk 1:02:23]} 24. Kxd3
{[%clk 1:00:48]} Nd7 {[%clk 1:02:49]} 25. g4 {[%clk 1:00:40]} e5 {[%clk 0:58:53]}
26. Bc3 {[%clk 0:58:43]} f6 {[%clk 0:58:42]} 27. h4 {[%clk 0:58:16]} Re8
{[%clk 0:57:30]} 28. g5 {[%clk 0:56:50]} h5 {[%clk 0:53:09]} 29. gxf6
{[%clk 0:52:48]} gxf6 {[%clk 0:53:32]} 30. Rg1 {[%clk 0:52:37]} e4+
{[%clk 0:52:46]} 31. Ke2 {[%clk 0:52:17]} exf3+ {[%clk 0:51:22]} 32. Kxf3
{[%clk 0:52:40]} Re4 {[%clk 0:51:46]} 33. Rg7 {[%clk 0:52:22]} Kc6
{[%clk 0:51:36]} 34. Be1 {[%clk 0:52:19]} 1-0

[Event "Hastings Masters"]
[Site "Horntye, Hastings"]
[Date "2018.01.01"]
[Round "5.8"]
[White "Maisuradze, Nino"]
[Black "Cherniaev, Alexander"]
[Result "1/2-1/2"]
[BlackElo "2436"]
[WhiteElo "2256"]
[LiveChessVersion "1.4.8"]

1. d4 {[%clk 1:40:57]} Nf6 {[%clk 1:32:56]} 2. c4 {[%clk 1:41:15]} e6
{[%clk 1:33:20]} 3. Nf3 {[%clk 1:40:57]} b6 {[%clk 1:33:33]} 4. a3
{[%clk 1:41:17]} Bb7 {[%clk 1:33:51]} 5. Nc3 {[%clk 1:41:40]} g6 {[%clk 1:34:16]}
6. Qc2 {[%clk 1:40:51]} Bxf3 {[%clk 1:34:33]} 7. gxf3 {[%clk 1:41:06]} Nc6
{[%clk 1:33:47]} 8. e3 {[%clk 1:39:31]} Bg7 {[%clk 1:29:04]} 9. f4
{[%clk 1:34:49]} O-O {[%clk 1:27:17]} 10. Bg2 {[%clk 1:35:05]} Na5
{[%clk 1:26:51]} 11. Bxa8 {[%clk 1:30:55]} Qxa8 {[%clk 1:27:15]} 12. O-O
{[%clk 1:23:00]} Nxc4 {[%clk 1:27:16]} 13. Nb5 {[%clk 1:13:25]} Qc6
{[%clk 1:07:46]} 14. a4 {[%clk 0:49:09]} Qf3 {[%clk 0:37:42]} 15. Qxc4
{[%clk 0:08:48]} Qg4+ {[%clk 0:32:12]} 16. Kh1 {[%clk 0:09:15]} Qf3+
{[%clk 0:32:39]} 17. Kg1 {[%clk 0:09:38]} Qg4+ {[%clk 0:33:07]} 18. Kh1
{[%clk 0:10:05]} Qf3+ {[%clk 0:33:28]} 19. Kg1 {[%clk 0:10:29]} Qg4+
{[%clk 0:33:57]} 20. Kh1 {[%clk 0:10:45]} Qf3+ {[%clk 0:34:26]} 21. Kg1
{[%clk 0:10:48]} 1/2-1/2

[Event "Hastings Masters"]
[Site "Horntye, Hastings"]
[Date "2018.01.01"]
[Round "5.9"]
[White "Lalic, Bogdan"]
[Black "Murphy, Conor E"]
[Result "1/2-1/2"]
[BlackElo "2313"]
[WhiteElo "2415"]
[LiveChessVersion "1.4.8"]

1. d4 {[%clk 1:37:38]} Nf6 {[%clk 1:40:44]} 2. c4 {[%clk 1:37:52]} e6
{[%clk 1:41:07]} 3. Nc3 {[%clk 1:38:17]} Bb4 {[%clk 1:41:28]} 4. e3
{[%clk 1:38:37]} O-O {[%clk 1:41:39]} 5. Nge2 {[%clk 1:37:42]} c6
{[%clk 1:41:46]} 6. a3 {[%clk 1:37:42]} Ba5 {[%clk 1:42:11]} 7. Qc2
{[%clk 1:37:13]} d5 {[%clk 1:41:10]} 8. Ng3 {[%clk 1:37:23]} Nbd7
{[%clk 1:34:06]} 9. cxd5 {[%clk 1:35:47]} exd5 {[%clk 1:33:52]} 10. Bd3
{[%clk 1:35:59]} Re8 {[%clk 1:32:28]} 11. O-O {[%clk 1:36:22]} Bc7
{[%clk 1:30:44]} 12. Bd2 {[%clk 1:35:23]} h5 {[%clk 1:24:16]} 13. f3
{[%clk 1:27:56]} Nf8 {[%clk 1:18:18]} 14. Rf2 {[%clk 1:25:55]} Ne6
{[%clk 1:10:23]} 15. b4 {[%clk 1:13:42]} a5 {[%clk 1:02:19]} 16. b5
{[%clk 1:11:24]} h4 {[%clk 1:00:07]} 17. Nf1 {[%clk 1:10:59]} c5 {[%clk 0:59:35]}
18. dxc5 {[%clk 1:11:22]} Nxc5 {[%clk 0:58:17]} 19. Na4 {[%clk 1:11:39]} Nxa4
{[%clk 0:51:07]} 20. Qxa4 {[%clk 1:11:50]} Nd7 {[%clk 0:50:22]} 21. Bc3
{[%clk 1:10:07]} Nc5 {[%clk 0:46:08]} 22. Qc2 {[%clk 1:06:55]} Qd6
{[%clk 0:37:49]} 23. Rd1 {[%clk 1:04:51]} Nxd3 {[%clk 0:29:10]} 24. Rxd3
{[%clk 1:04:50]} Bf5 {[%clk 0:29:27]} 25. e4 {[%clk 1:05:02]} Bb6
{[%clk 0:28:24]} 26. exf5 {[%clk 1:01:44]} Rac8 {[%clk 0:24:13]} 27. Qd2
{[%clk 0:58:22]} Bxf2+ {[%clk 0:23:19]} 28. Kxf2 {[%clk 0:53:27]} d4
{[%clk 0:20:24]} 29. Bxd4 {[%clk 0:45:34]} Red8 {[%clk 0:19:05]} 30. f6
{[%clk 0:37:12]} gxf6 {[%clk 0:15:13]} 31. Qh6 {[%clk 0:30:14]} Rc2+
{[%clk 0:10:57]} 32. Kg1 {[%clk 0:30:07]} h3 {[%clk 0:10:21]} 33. gxh3
{[%clk 0:22:39]} Qxd4+ {[%clk 0:06:51]} 34. Rxd4 {[%clk 0:23:04]} Rxd4
{[%clk 0:07:18]} 35. Qxf6 {[%clk 0:19:26]} Rd1 {[%clk 0:07:24]} 36. h4
{[%clk 0:16:00]} Rcc1 {[%clk 0:05:23]} 37. Kg2 {[%clk 0:16:18]} Rc2+
{[%clk 0:04:56]} 38. Kg3 {[%clk 0:13:41]} Rxf1 {[%clk 0:05:21]} 39. Qg5+
{[%clk 0:13:11]} Kf8 {[%clk 0:04:52]} 40. Qd8+ {[%clk 0:13:03]} Kg7
{[%clk 0:05:19]} 41. Qg5+ {[%clk 0:10:19]} Kf8 {[%clk 0:03:13]} 42. Qd8+
{[%clk 0:10:08]} Kg7 {[%clk 0:03:37]} 43. Qg5+ 1/2-1/2

[Event "Hastings Masters"]
[Site "Horntye, Hastings"]
[Date "2018.01.01"]
[Round "5.10"]
[White "Bates, Richard A"]
[Black "Taylor, Adam C"]
[Result "0-1"]
[BlackElo "2242"]
[WhiteElo "2378"]
[LiveChessVersion "1.4.8"]

1. d4 {[%clk 1:40:48]} Nf6 {[%clk 1:40:50]} 2. Nf3 {[%clk 1:41:07]} e6
{[%clk 1:41:13]} 3. c4 {[%clk 1:39:02]} d5 {[%clk 1:41:36]} 4. g3
{[%clk 1:39:29]} Be7 {[%clk 1:42:01]} 5. Bg2 {[%clk 1:39:55]} O-O
{[%clk 1:42:26]} 6. O-O {[%clk 1:40:14]} dxc4 {[%clk 1:42:54]} 7. Qc2
{[%clk 1:40:33]} b5 {[%clk 1:43:19]} 8. a4 {[%clk 1:40:07]} b4 {[%clk 1:43:46]}
9. Nfd2 {[%clk 1:39:50]} c6 {[%clk 1:44:10]} 10. Nxc4 {[%clk 1:39:51]} Qxd4
{[%clk 1:44:34]} 11. Bf4 {[%clk 1:37:29]} Ba6 {[%clk 1:45:00]} 12. Nbd2
{[%clk 1:36:13]} Qc5 {[%clk 1:45:26]} 13. Rac1 {[%clk 1:31:06]} Nd5
{[%clk 1:40:27]} 14. Bxb8 {[%clk 1:11:53]} Raxb8 {[%clk 1:39:50]} 15. Qe4
{[%clk 1:11:33]} Bxc4 {[%clk 1:25:47]} 16. Nxc4 {[%clk 1:08:13]} Bf6
{[%clk 1:24:47]} 17. Qg4 {[%clk 0:54:27]} b3 {[%clk 1:06:52]} 18. Ne5
{[%clk 0:28:36]} Qd6 {[%clk 1:06:56]} 19. Nd3 {[%clk 0:28:57]} Nb4
{[%clk 1:00:31]} 20. Rfd1 {[%clk 0:17:10]} Nxd3 {[%clk 0:58:51]} 21. Rxd3
{[%clk 0:17:24]} Qb4 {[%clk 0:59:06]} 22. Qxb4 {[%clk 0:16:19]} Rxb4
{[%clk 0:59:31]} 23. Bxc6 {[%clk 0:08:04]} Rc8 {[%clk 0:59:54]} 24. a5
{[%clk 0:07:38]} Bxb2 {[%clk 0:57:39]} 25. Rb1 {[%clk 0:07:39]} Be5
{[%clk 0:57:59]} 26. f4 {[%clk 0:06:31]} Bd4+ {[%clk 0:56:32]} 27. e3
{[%clk 0:04:00]} Bc5 {[%clk 0:56:42]} 28. Bd7 {[%clk 0:04:00]} Rc7
{[%clk 0:51:50]} 29. Kf2 {[%clk 0:03:55]} Kf8 {[%clk 0:52:08]} 0-1